|
|
|
|
| LEADER |
00732nab a2200217 i 4500 |
| 001 |
acta53982 |
| 005 |
20260224081030.0 |
| 008 |
180703s2018 hu o 000 hun d |
| 020 |
|
|
|a 978-963-306-570-9
|
| 022 |
|
|
|a 0324-6523
|
| 040 |
|
|
|a SZTE Egyetemi Kiadványok Repozitórium
|b hun
|
| 041 |
|
|
|a hun
|
| 100 |
1 |
|
|a Görgényi Ilona
|
| 245 |
1 |
0 |
|a Közösségi szankciók a büntetőjogban
|h [elektronikus dokumentum] /
|c Görgényi Ilona
|
| 260 |
|
|
|c 2018
|
| 300 |
|
|
|a 359-368
|
| 490 |
0 |
|
|a Acta Universitatis Szegediensis : acta juridica et politica
|v 81
|
| 650 |
|
4 |
|a Társadalomtudományok
|
| 650 |
|
4 |
|a Jogtudomány
|
| 695 |
|
|
|a Büntetőjog
|
| 856 |
4 |
0 |
|u http://acta.bibl.u-szeged.hu/53982/1/juridpol_081_333-348.pdf
|z Dokumentum-elérés
|